| 000 | 01714nam a22002777a 4500 | ||
|---|---|---|---|
| 999 |
_c60259 _d60259 |
||
| 003 | Ge_BSU | ||
| 005 | 20230622154235.0 | ||
| 008 | 230622s2009 ge ||||| |||| 00| 0 geo d | ||
| 020 | _a9789941014307 | ||
| 041 | _ageo | ||
| 080 | _a27-9(479.22) კ-49 | ||
| 100 |
_aკიკნაძე, ზურაბ _918899 |
||
| 245 |
_aქართლი გაქრისტიანების გზაზე: _bადამიანები და სიწმიდეები = Georgia on its way to christianization: human abd holiness / _cზურაბ კიკნაძე ; [წინასიტყვ.: ლელა პატარიძე [და სხვ.]]. |
||
| 264 |
_aთბ. : _bკავკასიური სახლი, _c2009. |
||
| 300 |
_a210 გვ. ; _b20 სმ. |
||
| 490 | _aქართული ერთობა და მისი იდენტობა : იდეები, სიმბოლოები, პერცეფცები ; 2 | ||
| 500 | _aეძღვნ. ლელა პატარიძის ხსოვნას. | ||
| 501 | _aსაძიებლები: გვ. 208-210. | ||
| 504 | _aბიბლიოგრ.: გვ. 178-185. | ||
| 520 | _aრეზ. ინგლ. ენაზე | ||
| 653 | _aქრისტიანობის ისტორია საქართველოში | ||
| 700 |
_aპატარიძე, ლელა _eწინასიტყვა. _918900 |
||
| 700 |
_aკიკნაძე, ზურაბ _eწინასიტყვაობა _918899 |
||
| 700 |
_aჩხარტიშვილი, მარიამ _eწინასიტყვაობა _913522 |
||
| 942 |
_2udc _cBK |
||